000 00628nam a2200217Ia 4500
003 OSt
005 20220923230805.0
006 a|||||r|||| 00| 0
007 ta
008 Pun
024 _a305,553
037 _cTextual
040 _aARTS
_cARTS
_bPun
041 _2Pun
_aPun
082 _aQ8441:21:g, 153K9
100 _aਓਅੰਕਾਰ ਸਿੰਘ
245 0 _aਸੁਖਮਨੀ ਸਾਹਿਬ ਵਿੱਚ ਸੁੱਖ ਦਾ ਸੰਕਲਪ ਤੇ ਪ੍ਰਾਪਤੀ
260 _c1969
942 _hQ8441:21:g, 153K9
_cTEXL
_2CC
999 _c387345
_d387345